000 00466nam a22001937a 4500
003 OSt
005 20140310181937.0
008 130724t xxu||||| |||| 00| 0 eng d
020 _a9780140623413
050 _aPR 5486
_b.St847 1994
082 _aCLA
_bSt4t 1988
100 _aStevenson, Robert Louis
_91663
245 _aTreasure island /
300 _a223 p. :
_c18 cm.
541 _j1
562 _e1
650 _aFiction.
_9746
942 _2lcc
_cBBK
_kCLA
999 _c7571
_d7571